000 00466nam a2200181Ia 4500
008 100917s9999 xx 000 0 und d
082 _b44301
100 _aबंड श्याम
245 _aहसणावळ
260 _bनेत्रा प्रकाशन
_c1980
300 _a116
365 _b12
520 _aनिबंध
630 _aहसणावळ
650 _aनिबंध
730 _aहसणावळ
942 _cBOOK
999 _c649695
_d649692